Champions League Finale 2012/13 Aufstellungen Dortmund vs Bayern - Statistiken

Allgemein
  • Dieses Quiz wurde 384 mal gespielt
  • Das Durchschnittsergebnis liegt bei 24 aus 28
Antwortstatistiken
Position Nationalität Spieler % Korrekt
TW Deutschland Manuel Neuer
98%
ST Polen Robert Lewandowski
98%
RF Niederlande Arjen Robben
97%
LF Frankreich Franck Ribery
97%
LV Österreich David Alaba
95%
Trainer Deutschland Jürgen Klopp
95%
RV Deutschland Philipp Lahm
95%
TW Deutschland Roman Weidenfeller
95%
IV Deutschland Mats Hummels
93%
ZOM Deutschland Thomas Müller
92%
IV Deutschland Jerome Boateng
90%
ZOM Deutschland Marco Reus
90%
ZDM Deutschland Bastian Schweinsteiger
89%
IV Brasilien Dante
89%
ST Kroatien Mario Mandzukic
89%
Trainer Deutschland Jupp Heynckes
86%
LV Deutschland Marcel Schmelzer
85%
IV Serbien Neven Subotic
84%
RV Polen Lukasz Piszczek
83%
ZDM Spanien Javi Martinez
82%
ZDM Deutschland Ilkay Gündogan
79%
Eingwechselt ST Deutschland Mario Gomez
77%
Eingewechselt ZDM Türkei Nuri Sahin
76%
RM Polen Jakub Blaszczykowski
71%
LM Deutschland Kevin Großkreutz
66%
Eingewechselt ZDM Brasilien Luiz Gustavo
65%
ZDM Deutschland Sven Bender
54%
Eingewechselt ST Deutschland Julian Schieber
43%
Keine übereinstimmenden Quizze gefunden
Verteilung der Resultate
Anzahl Personen mit jedem Resultat
Perzentil nach korrekt beantworteten Fragen
Ihre Resultats-Entwicklung
Sie haben dieses Quiz noch nicht gespielt